Vector analysis / (Record no. 39627)

MARC details
000 -LEADER
fixed length control field 00717nam a22002057a 4500
005 - DATE AND TIME OF LATEST TRANSACTION
control field 20100806110938.0
010 ## - LCCN (DPL NO)
LC control number ENG-98182
020 ## - INTERNATIONAL STANDARD BOOK NUMBER
International Standard Book Number 8190819923
Terms of availability 100.00
035 ## - SYSTEM CONTROL NUMBER
System control number EN-81715
037 ## - SOURCE OF ACQUISITION
Source of stock number/acquisition DBAD/PUB
082 ## - DEWEY DECIMAL CLASSIFICATION NUMBER
Classification number 512.89
100 ## - MAIN ENTRY--PERSONAL NAME
Personal name Sivakumar, S.
245 ## - TITLE STATEMENT
Title Vector analysis /
Statement of responsibility, etc S. Sivakumar
260 ## - PUBLICATION, DISTRIBUTION, ETC. (IMPRINT)
Place of publication, distribution, etc Bhuvanagiri
Name of publisher, distributor, etc S. Velu Publishers
Date of publication, distribution, etc 2009
270 ## - ADDRESS
Address 1, South Street, Adhivaraganatham,
City Bhuvanagiri
Postal code 608601
300 ## - PHYSICAL DESCRIPTION
Extent 108p.
Dimensions 25cm (pbk)
500 ## - GENERAL NOTE
General note Includes bibliographical references
942 ## - ADDED ENTRY ELEMENTS (KOHA)
Source of classification or shelving scheme Dewey Decimal Classification
Item type English Books
Classification part 512.89
Call number suffix SIV
Holdings
Withdrawn status Lost status Not for loan Collection code Home library Current library Date acquired Source of acquisition Cost, normal purchase price Full call number Barcode Copy number Cost, replacement price Koha item type
    Not For Loan Non-fiction D.B.Act.Division D.B.Act.Division 06/08/2010 DBAD/PUB 100.00 512.89 SIV EN-81715 1 100.00 English Books

© Delhi Public Library
Hit Counter
free hit counter